| 000 | 00887nam a22002537a 4500 | ||
|---|---|---|---|
| 999 |
_c65906 _d65906 |
||
| 005 | 20240530110849.0 | ||
| 008 | 200912s2019 ua a f b 000 0dara d | ||
| 017 |
_a2018/22708 _bمصر. دار الكتب |
||
| 020 | _a9789777801492 | ||
| 040 |
_aEG-CaGPL _cEG-CaGPL |
||
| 082 | 0 | 4 |
_221 _a371.3\ _bع د |
| 100 | 0 | _aعماد شوقى ملقى سيفين | |
| 245 | 1 | 0 |
_aدعائم التعليم : _bمدخل لتنمية التفكير وخفض القلق / _cعماد شوقى ملقى سيفين |
| 250 | _aط.1 | ||
| 260 |
_aالقاهرة : _bعالم الكتب، _c2019 |
||
| 300 |
_a172 ص. ؛ _c24 سم. |
||
| 504 | _aيشتمل على ارجاعات ببليوجرافية | ||
| 650 | 0 | 7 |
_aالتعليم _2qrmak |
| 650 | 0 | 7 |
_aالقلق _2qrmak |
| 650 | 0 | 7 | _aالتفكير |
| 651 | _2qrmak | ||
| 942 |
_2ddc _cBK |
||